000 00706nam a2200289Ia 4500
005 20260324141518.0
008 008 260324s9999 xx 000 0 eng d
020 _a9781315284934
037 _aEBOOK
040 _aCRL
040 _beng
040 _cCRL
041 _2eng
041 _aeng
084 _qCRL
100 _aRichard K. Scher
_91172958
245 0 _aPolitics in the New South
245 0 _bRepublicanism, Race and Leadership in the Twentieth Century
260 _bTaylor and Francis
260 _c1997
365 _a
365 _b240
856 _uhttp://www.taylorfrancis.com/books/9781315284934
942 _cEBOOK
999 _c1811645
_d1811645